000 00840nam a2200217Ia 4500
999 _c40778
_d40778
001 7417
003 GE_BSU
005 20231207162322.0
008 181216s1959||||ge |||||||||||||| ||geo||
040 _cGE_BSU
041 _ageo
080 _a821.353.1-4 დ-15
100 _aდაუშვილი, მიხეილ
_920626
245 _aქართული ბარაქა :
_bნარკვევები /
_cმიხეილ დაუშვილი ; რედ. კ. ლოლაძე.
264 _aთბილისი :
_bსაქ. კპ. ცკ-ის გამ-ბა,
_c1959.
300 _a246 გვ. ;
_c20 სმ.
653 _aნარკვევები
653 _aქართული ბარაქა
700 _aლოლაძე, კ.
_eრედაქტორი
_94445
942 _cBK
_2udc